Population and the struggle for the world product

Salvato in:
Dettagli Bibliografici
Autore principale: Keyfitz, Nathan
Natura: Libro
Lingua:inglese
Pubblicazione: México Colegio Nacional de Economistas 1980
Tags: Aggiungi Tag
Nessun Tag, puoi essere il primo ad aggiungerne!!

MARC

LEADER 00000nam a2200000 4500
001 c140434
005 20041019155318.9
041 0 |a eng 
044 |a MX 
245 1 0 |a Population and the struggle for the world product  |c Nathan Keyfitz 
264 1 |a México  |b Colegio Nacional de Economistas  |c 1980 
300 |a 35 s. 
100 1 |a Keyfitz, Nathan